Rutas para pensar lo comunitario. Saberes, Prácticas y Reflexiones

Guardat en:
Dades bibliogràfiques
Autor principal: Reyes Espejo, María Isabel (editora)
Altres autors: García Quiroga, Manuela Eleonora (editora), Pavez Mena, Javiera (editora), Mazzucchelli Olmedo, Nicole Stefania (autora)
Format: Llibre
Idioma:anglès
Publicat: Valparaíso, Chile: Ediciones Universitarias de Valparaíso, 2021.
Col·lecció:Colección Psicología y Transformaciones Sociales
Matèries:
Etiquetes: Afegir etiqueta
Sense etiquetes, Sigues el primer a etiquetar aquest registre!

MARC

LEADER 00000nam a22000007a 4500
003 CL-VaPUC
005 20240612111836.0
008 220610b2021 ||||| |||| 00| 0 eng d
999 |c 435924  |d 435922 
020 |a 978-956-17-0968-3 
040 |c Pontificia Universidad Católica de Valparaíso 
082 |2 22  |a 361.1 REY 2021 
100 |a Reyes Espejo, María Isabel  |9 575561  |e editora 
245 |a Rutas para pensar lo comunitario.  |b Saberes, Prácticas y Reflexiones 
260 |a Valparaíso, Chile:  |b Ediciones Universitarias de Valparaíso,  |c 2021. 
300 |a 159 páginas 
490 |a Colección Psicología y Transformaciones Sociales 
500 |a c.1-c.2. Donación Profesora Maria Soledad Quintana. Memo GIM 02/2022. 08/06/2022 c.3 Donación EUV. 13/09/2022 c.4-6 Donación Escuela Psicología. Memo 1-12-2023 
583 |c 20220610  |k Catalogador Asistente 
650 0 |9 258537  |a Problemas sociales  |x Siglo XXI  |z Chile  
650 0 |9 554639  |a Inclusión social   |y Siglo XXI  |z Chile  
650 0 |9 875551  |a Psicología comunitaria  |z Chile  
700 |a García Quiroga, Manuela Eleonora  |e editora  |9 887578 
700 |a Pavez Mena, Javiera  |9 851358  |e editora 
700 |a Mazzucchelli Olmedo, Nicole Stefania  |e autora  |9 806180 
942 |2 ddc  |c BK 
952 |0 0  |1 0  |2 ddc  |4 0  |6 361_100000000000000_REY_2021  |7 0  |8 A  |9 583560  |a BIBGIM  |b BIBGIM  |c GEN  |d 2022-06-10  |e Donación  |i 5651708  |l 3  |m 1  |o 361.1 REY 2021  |p 5651708  |r 2025-01-27  |s 2025-01-17  |t 1  |w 2022-06-10  |y BK  |k SSL 
952 |0 0  |1 0  |2 ddc  |4 0  |6 361_100000000000000_REY_2021  |7 0  |8 A  |9 583561  |a BIBGIM  |b BIBGIM  |c GEN  |d 2022-06-10  |e Donación  |i 5651709  |o 361.1 REY 2021  |p 5651709  |r 2025-01-15  |t 2  |w 2022-06-10  |y BK  |k SSL 
952 |0 0  |1 0  |2 ddc  |4 0  |6 361_100000000000000_REY_2021  |7 0  |8 A  |9 586846  |a BIBEDU  |b BIBEDU  |c GEN  |d 2022-09-26  |e Donación  |i 5654802  |o 361.1 REY 2021  |p 5654802  |r 2022-09-26  |t 3  |w 2022-09-26  |y BK  |k PSI 
952 |0 0  |1 0  |2 ddc  |4 0  |6 361_100000000000000_REY_2021  |7 0  |8 A  |9 592910  |a BIBEDU  |b BIBEDU  |c GEN  |d 2023-12-19  |e Donación  |i 5659835  |l 1  |o 361.1 REY 2021  |p 5659835  |r 2024-08-21  |s 2024-08-14  |t 4  |w 2023-12-19  |y BK  |k PSI 
952 |0 0  |1 0  |2 ddc  |4 0  |6 361_100000000000000_REY_2021  |7 0  |8 A  |9 592911  |a BIBEDU  |b BIBEDU  |c GEN  |d 2023-12-19  |e Donación  |i 5659836  |o 361.1 REY 2021  |p 5659836  |r 2023-12-19  |t 5  |w 2023-12-19  |y BK  |k PSI 
952 |0 0  |1 0  |2 ddc  |4 0  |6 361_100000000000000_REY_2021  |7 0  |8 A  |9 592912  |a BIBEDU  |b BIBEDU  |c GEN  |d 2023-12-19  |e Donación  |i 5659837  |o 361.1 REY 2021  |p 5659837  |r 2023-12-19  |t 6  |w 2023-12-19  |y BK  |k PSI